• 首页
  • 本馆介绍
  • 公告通知
  • 最新文献
  • 馆藏检索
  • 电子资源
  • 读者导购
  • 参考咨询
  • 我的图书馆
  • 登录
  • 详细信息显示
  • 放入我的书架
  • 预约/预借图书
  • 作者相关作品
  • 分类相关作品
  • 丛书相关作品
  • 出版社相关作品

书目信息

  • 表格格式
  • 工作单格式
  • 卡片格式
题名:
君主论
    
 
作者: 马基雅维利 著 ;辉浩 译
分册:  
出版信息: 北京   民主与建设出版社有限责任公司  2020.7
页数: 153页
开本: 21cm
丛书名:
单 册:
中图分类: D033.2
科图分类:
主题词: 君主制--jun zhu zhi--研究
电子资源:
ISBN: 978-7-5139-3092-5
000 01121nam0 2200265 450
001 2157977265
005 20211011172911.0
010    @a978-7-5139-3092-5@dCNY33.00(全3册98.00)
100    @a20201130d2020 em y0chiy0120 ea
101 1  @achi@cita
102    @aCN@b110000
105    @ay z 000yy
106    @ar
200 1  @a君主论@Ajun zhu lun@f(意)尼科洛·马基雅维利著@g辉浩译
210    @a北京@c民主与建设出版社有限责任公司@d2020.7
215    @a153页@d21cm
300    @a世界三大奇书
330    @a本书是对佛罗伦萨乃至整个意大利几百年间的“政治实验和激烈变革”以及马基雅维利本人多年从政经验的理论性总结,阐述了马基雅维利的君主专制理论和君王权术论,它对意大利长期战争分裂的原因进行了总结,并提出了实现意大利统一的方案——建立强有力的中央集权国家。试图把但丁的统一思想与君权思想付诸实现,尽可能深入权术问题,直接向君主提出种种实现办法。
500 10 @a君主论
606 0  @a君主制@Ajun zhu zhi@x研究
690    @aD033.2@v5
701  0 @c(意)@a马基雅维利@Ama ji ya wei li@c(Machiavelli, Niccolò@f1469~1527)@4著
702  0 @a辉浩@Ahui hao@4译
801  0 @aCN@b百万庄@c20211006
905    @b1305761-63@dD033.2@e190@f3
    
    君主论/(意)尼科洛·马基雅维利著/辉浩译.-北京:民主与建设出版社有限责任公司,2020.7
    153页;21cm
    世界三大奇书
    
    ISBN 978-7-5139-3092-5:CNY33.00(全3册98.00)
    本书是对佛罗伦萨乃至整个意大利几百年间的“政治实验和激烈变革”以及马基雅维利本人多年从政经验的理论性总结,阐述了马基雅维利的君主专制理论和君王权术论,它对意大利长期战争分裂的原因进行了总结,并提出了实现意大利统一的方案——建立强有力的中央集权国家。试图把但丁的统一思想与君权思想付诸实现,尽可能深入权术问题,直接向君主提出种种实现办法。
●
相关链接 在E读中查询图书 在五车中查询图书 在当当中查询图书 在豆瓣中查询图书


正题名:君主论     索取号:D033.2/190         预约/预借

序号 登录号 条形码 馆藏地/架位号 状态 备注
1 1305761   213057617   第一样本阅览室/ [索取号:D033.2/190] 在馆    
2 1305762   213057626   第一借阅区/ [索取号:D033.2/190] 已借出,限还日期为2024.04.29
借出人:赵二康  
 
3 1305763   213057635   第一借阅区/ [索取号:D033.2/190] 在馆    
唐山师范学院图书馆 欢迎您!
大连网信软件有限公司© 版权所有